000 00344nam a22001457a 4500
999 _c15566
_d15566
003 OSt
008 190516b ||||| |||| 00| 0 eng d
020 _a9789385516542
082 _a519.5
_bSAY/ST
100 _aSayyed, Mujahida
_94047
245 _aStatistical Methods
260 _aNew Delhi
_bNew India
_c2018
300 _a139 p.
942 _cBK